| 000 | 00617nam a2200229Ia 4500 | ||
|---|---|---|---|
| 003 | OSt | ||
| 005 | 20220928101844.0 | ||
| 006 | a|||||r|||| 00| 0 | ||
| 007 | ta | ||
| 008 | 220927b |||||||| |||| 00| 0 eng d | ||
| 024 | _a57061 | ||
| 037 | _cTextual | ||
| 040 |
_aSDCL _cSDCL _beng |
||
| 041 |
_2eng _aeng |
||
| 082 | _aO157,3N051x, L6 | ||
| 100 |
_aMitra Premendra _9395481 |
||
| 245 | 0 | _aGhanshyam da ke aur kissey. | |
| 260 |
_aNew Delhi _bRadhakrishan Prakashan _c1976 |
||
| 300 |
_a129p. _ccm. |
||
| 942 |
_hO157,3N051x, L6 _cTEXL _2CC |
||
| 999 |
_c711137 _d711137 |
||